00601nam a2200145Ia 4500008004100000082002500041100003700066245013900103260002400242300001100266502001000277650004900287952010200336999001700438121101s9999 xx 000 0 und d aT 658.562 M224c 1999 aMaldonado Legaria, Carlos Raúl aEl Control y la calidad, como herramientas necesarias en la administración de un centro de computo / Carlos Raúl Maldonado Legaria aMéxico : El Autor a113 p. aTESIS a1. CONTROL DE CALIDAD 2. ADMINISTRACIÓNÌ 00104070a12b12d2008-11-28l0oT 658.562 M224C 1999p12 002755r2015-04-22t7w2012-11-01yLB c87854d87854